000 01101pam a2200325 a 4500
001 3264
003 FISKH
005 20240222141553.0
008 900112s1992 nyua j 000 1 eng
010 _a 90030527
020 _a0060224967
020 _a0060224975 (lib. bdg.)
040 _aDLC
_cDLC
_dDLC
_beng
042 _alcac
050 0 0 _aPZ8.P274
_bKi 1992
082 0 0 _a[E]
_220
100 1 _aPaterson, Katherine.
245 1 4 _aThe king's equal /
_cby Katherine Paterson ; illustrated by Curtis Woodbridge
250 _aFirst Scholastic printing, September 1999
260 _aNew York :
_bScholastic,
_c1992
300 _a64 pages :
_billustrations ;
_c20 cm
505 _aR
520 _aIn order to wear the crown of the kingdom, an arrogant young prince must find an equal in his bride. Instead, he finds someone far better than he.
521 8 _a780
_bLexile
521 8 _aR
_bRaz-Plus
650 1 _aFairy tales.
_vjuvenile fiction
700 _aWoodbridge, Curtis
_eIllustrator
906 _a7
_bcbc
_corignew
_d1
_eocip
_f19
_gy-gencatlg
942 _2ddc
_cBK
_n0
999 _c3264
_d3264